000 00847nam a22002177a 4500
005 20240530110510.0
008 151027s2010 ua ad g 000 0 ara d
017 _a2010/43840
_bمصر . دار الكتب المصرية
040 _aEG-CaGPL
082 0 4 _221
_a324.2049561\
_bك د
100 0 _aكمال السعيد حبيب
245 1 2 _aالدين و الدولة فى تركيا المعاصرة /
_cالمؤلف كمال السعيد حبيب
250 _aط1
260 _aالقاهرة :
_bمكتبة جزيرة الورد ،
_c2010 .
300 _a416 ص :
_bايض ؛
_c24 سم .
651 0 4 _aتركيا
_xتاريخ
_yالعصر الحديث
651 0 4 _aتركيا
_xالاحوال السياسية
651 0 4 _aتركيا
_xالاحوال الدينية
942 _2ddc
_cBK
999 _c61661
_d61661